000 02384nam0a2200349 4500
001 RU\NLR\BIBL_A\011627833
005 20180328111004.0
010 _a978-5-9509-0257-4
_9500
021 _aRU
_bКН-П-18-001474
_9КН-П-18-0102
035 _a(NLR Aleph) 011627833
035 _a(RuMoRGB)009515859
090 _a11017306
_c11017306
100 _a20180213d2017 k y0rusy50 ca
101 0 _arus
102 _aRU
105 _aa|||z|||000zy
200 1 _aФинансово-экономические мультипликаторы в моделировании и управлении экономическим ростом судоходных компаний
_eмонография
_fИ.П. Скобелева, Н.Н. Селезнева, А.В. Уторов
_gФедеральное агентство морского и речного транспорта, Федеральное государственное бюджетное образовательное учреждение высшего образования Государственный университет морского и речного флота имени адмирала С.О. Макарова, Институт международного транспортного менеджмента, Кафедра финансов и кредита
210 _aСанкт-Петербург
_cИзд-во ГУМРФ имени адмирала С.О. Макарова
_d2017
215 _a127 с.
_cил., табл.
_d20
300 _aВ вып. дан. авт.: Скобелева И.П., Селезнева Н.Н., доктора экон. наук, профессора, Уторов А.В., к.э.н.
320 _aБиблиогр.: с. 121-125 (66 назв.), в тексте и в подстроч. примеч.
606 1 _aРечной транспорт
_xЭкономика
_2nlr_sh1
_2nlr_sh2
_3RU\NLR\AUTH\661321530
686 1 _aУ37(2)45
700 1 _aСкобелева
_bИ. П.
_gИнна Петровна
701 1 _aСелезнева
_bН. Н.
_cд-р экон. наук
_gНаталия Николаевна
_3RU\NLR\AUTH\770186264
701 1 _aУторов
_bА. В.
_gАнтон Викторович
942 _cBOOK
980 _aNBR
980 _aNB